UBT Library

ELEMENTARY STATISTICS IN SOCIAL RESEARCH (Record no. 59547)

000 -LEADER
fixed length control field 00351nam a22001457a 4500
008 - FIXED-LENGTH DATA ELEMENTS--GENERAL INFORMATION
fixed length control field 230414b ||||| |||| 00| 0 eng d
020 ## - INTERNATIONAL STANDARD BOOK NUMBER
International Standard Book Number 9780205377800
041 ## - LANGUAGE CODE
Language code of text/sound track or separate title eng
080 ## - UNIVERSAL DECIMAL CLASSIFICATION NUMBER
Edition identifier NINTH EDITION
Universal Decimal Classification number 311
082 ## - DEWEY DECIMAL CLASSIFICATION NUMBER
Classification number 311FOR
100 ## - Rafti
Rafti 25
101 ## - Shkurtesa
Shkurtesa STATIK
245 ## - TITLE STATEMENT
Title ELEMENTARY STATISTICS IN SOCIAL RESEARCH
Statement of responsibility, etc FORDE .R.D
942 ## - ADDED ENTRY ELEMENTS (KOHA)
Source of classification or shelving scheme
Item type Books
Holdings
Withdrawn status Lost status Source of classification or shelving scheme Damaged status Not for loan Collection code Permanent location Current location Date acquired Total Checkouts Full call number Barcode Date last seen Price effective from Koha item type
          Koleksioni i përgjithshem UBT - Lipjan UBT - Lipjan 04/14/2023   311FOR 002-8000600 04/14/2023 04/14/2023 Books
UBT Library © 2015-2024. All rights reserved University Education for Business and Technology